Espacios asediados : (Re)presentaciones del espacio y la violencia en novelas centroamericanas de posguerra /
Furkejuvvon:
| Váldodahkki: | |
|---|---|
| Materiálatiipa: | Dovdameahttun |
| Giella: | Spanish |
| Almmustuhtton: |
San José, Costa Rica,
2004.
|
| Fáttát: | |
| Fáddágilkorat: |
Lasit fáddágilkoriid
Eai fáddágilkorat, Lasit vuosttaš fáddágilkora!
|
MARC
| LEADER | 000000000a22000000004500 | ||
|---|---|---|---|
| 001 | 003091 | ||
| 008 | 240506b |||||||| |||| 00| 0 spa d | ||
| 041 | 0 | |a spa | |
| 082 | 0 | 4 | |a T 205 |
| 100 | 1 | |a Ortiz Wallner, Alexandra |9 92 | |
| 245 | 1 | 0 | |a Espacios asediados : |b (Re)presentaciones del espacio y la violencia en novelas centroamericanas de posguerra / |c Alexandra Ortiz Wallner. |
| 260 | 1 | |a San José, Costa Rica, |c 2004. | |
| 300 | |a 236 páginas | ||
| 650 | 4 | |a LITERATURA CENTROAMERICANA |9 59 | |
| 650 | 4 | |a NOVELA | |
| 650 | 4 | |a HISTORIA Y CRITICA | |
| 650 | 4 | |a VIOLENCIA EN LA LITERATURA | |
| 650 | 4 | |a CREACION LITERARIA Y ARTISTICA, ETC. | |
| 650 | 4 | |a GEOGRAFIA HUMANA | |
| 942 | |c BK |h T 205 |2 z |6 T_205 | ||
| 999 | |c 9397 |d 9397 | ||
